000
00251nam a22001097a 4500
082
_a
621.381 IND'S
100
_a
SCHURE, A
_9
78212
245
_a
INDUSTRIAL ELECTRONIC MEASUREMENT
260
_a
NEWORK
_b
JOHN WILEY
_c
1964
300
_a
126P
942
_c
BK
999
_c
583371
_d
583371